Statistics for [路線図付き] 相模鉄道 相鉄本線 駅名穴埋めクイズ

Click here to take the quiz!

General Stats

  • This quiz has been taken 295 times
  • The average score is 16 of 19

Answers on the Map

Answers color-coded by a green-red scale on the quiz's map according to % correct below.
 

Answer Stats

HintAnswer% Correct
相鉄本線SO01横浜
98%
相鉄本線SO18海老名
95%
相鉄本線SO08西谷
94%
相鉄本線SO51羽沢横浜国大
91%
相鉄本線SO10二俣川
90%
相鉄本線SO14大和
90%
相鉄本線SO05星川
87%
相鉄本線SO03西横浜
87%
相鉄本線SO02平沼橋
82%
相鉄本線SO07上星川
81%
相鉄本線SO09鶴ヶ峰
79%
相鉄本線SO13瀬谷
78%
相鉄本線SO15相模大塚
76%
相鉄本線SO11希望ヶ丘
75%
相鉄本線SO12三ツ境
75%
相鉄本線SO17かしわ台
75%
相鉄本線SO06和田町
71%
相鉄本線SO04天王町
71%
相鉄本線SO16さがみ野
71%

Score Distribution

Percentile by Number Answered

Percent of People with Each Score

Your Score History

You have not taken this quiz